Bài tập hình học cao cấp : Hình học xạ ảnh (Có hướng dẫn và giải đáp. Dùng cho sinh viên các trường đại học sư phạm chính). t.II /
Saved in:
| Main Author: | |
|---|---|
| Format: | Book (Paper) |
| Language: | Vietnamese |
| Published: |
Hà Nội :
Giáo dục,
1964.
|
| Tags: |
Add Tag
No Tags, Be the first to tag this record!
|
| Institutions: | Thư viện Trường Đại học Đà Lạt |
|---|
| LEADER | 00727nam a2200253 4500 | ||
|---|---|---|---|
| 001 | DLU020001560 | ||
| 005 | ##19990403 | ||
| 040 | # | # | |a DLU |b vie |
| 041 | # | # | |a vie |
| 044 | # | # | |a vn |
| 082 | # | # | |a 516.507 6 |b NG-Q |
| 100 | # | # | |a Nguyễn Công Quỳ. |
| 245 | # | # | |a Bài tập hình học cao cấp : |b Hình học xạ ảnh (Có hướng dẫn và giải đáp. Dùng cho sinh viên các trường đại học sư phạm chính). |n t.II / |c Nguyễn Công Quỳ. |
| 260 | # | # | |a Hà Nội : |b Giáo dục, |c 1964. |
| 300 | # | # | |a 72 tr. ; |c 22 cm. |
| 992 | # | # | |a 315 |
| 994 | # | # | |a DLU |
| 900 | # | # | |a False |
| 911 | # | # | |a Administrator |
| 925 | # | # | |a G |
| 926 | # | # | |a A |
| 927 | # | # | |a SH |
| 980 | # | # | |a Thư viện Trường Đại học Đà Lạt |